|
|
|
|
| LEADER |
00000cam a22000004a 4500 |
| 001 |
musev2_9702 |
| 003 |
MdBmJHUP |
| 005 |
20230905041115.0 |
| 006 |
m o d |
| 007 |
cr||||||||nn|n |
| 008 |
091210s2010 pau o 00 0 eng d |
| 010 |
|
|
|z 2009048505
|
| 020 |
|
|
|a 9781439900536
|
| 020 |
|
|
|z 9781439900512
|
| 020 |
|
|
|z 9781439900529
|
| 035 |
|
|
|a (OCoLC)646068226
|
| 040 |
|
|
|a MdBmJHUP
|c MdBmJHUP
|
| 043 |
|
|
|a n-us---
|
| 050 |
0 |
4 |
|a HT1575
|b .M336 2010
|
| 082 |
0 |
|
|a 305.8
|2 22
|
| 100 |
1 |
|
|a Martinot, Steve.
|
| 245 |
1 |
4 |
|a The Machinery of Whiteness :
|b Studies in the Structure of Racialization /
|c Steve Martinot.
|
| 264 |
|
1 |
|a Philadelphia :
|b Temple University Press,
|c 2010.
|
| 264 |
|
3 |
|a Baltimore, Md. :
|b Project MUSE,
|c 2012
|
| 264 |
|
4 |
|c ©2010.
|
| 300 |
|
|
|a 1 online resource (232 pages).
|
| 336 |
|
|
|a text
|b txt
|2 rdacontent
|
| 337 |
|
|
|a computer
|b c
|2 rdamedia
|
| 338 |
|
|
|a online resource
|b cr
|2 rdacarrier
|
| 504 |
|
|
|a Includes bibliographical references (p. [203]-213) and index.
|
| 505 |
0 |
|
|a Motherhood and the invention of race -- The racialized state -- A structural concept of race -- The political culture of whiteness -- The boundaries of the United States and immigration -- The dual-state character of the United States -- The structures of racialization.
|
| 588 |
|
|
|a Description based on print version record.
|
| 650 |
|
0 |
|a Racism
|z United States
|x History.
|
| 650 |
|
0 |
|a Whites
|x Race identity.
|
| 651 |
|
0 |
|a United States
|x Race relations
|x History.
|
| 655 |
|
7 |
|a Electronic books.
|2 local
|
| 710 |
2 |
|
|a Project Muse.
|e distributor
|
| 830 |
|
0 |
|a Book collections on Project MUSE.
|
| 856 |
4 |
0 |
|z Texto completo
|u https://projectmuse.uam.elogim.com/book/9702/
|
| 945 |
|
|
|a Project MUSE - Custom Collection
|
| 945 |
|
|
|a Project MUSE - 2010 Political Science and Policy Studies
|
| 945 |
|
|
|a Project MUSE - 2010 Complete
|